Nam desjat' let

Bibliographic Details
Format: Book
Language:Russian
Slovak
PhysicalDescription:[63] s. fareb. fotogr. 29 cm
Published: V Bratislave Rossijskij centr nauki i kul'tury 2011
ISBN:9788097098117 (brož.)
Edition:[1. izd.]
Subjects:

MARC

LEADER 00000cam a2200000 a 4500
001 vtls010437882
003 SK-MaSNL
005 20260425223219.0
008 151112s2011 xo o g 000 0 rus
015 |a SNBA2013 
020 |a 9788097098117 (brož.) 
035 |a AF2B669C-14DE-4D94-9C3E-8965537FDBC5 
035 |a urn:nbn:sk:snk-amjy5a 
035 |a urn:nbn:sk:snk-am007zq5 
040 |a SNK  |b slo  |c SNK  |e AACR2 
041 0 |a rus  |a slo 
043 |a e-xo---  |a e-ru--- 
044 |a xo  |c SK 
072 7 |a 316.7  |x Sociológia kultúry. Kultúrny život  |2 konspekt 
080 |a 394.912  |2 2001 
080 |a 316.72/.75-027.22  |2 2001 
080 |a 316.72/.75  |2 2001 
080 |a 371:061  |2 2001 
080 |a (082.2)  |2 2001 
080 |a 316.7  |2 2001 
080 |a (470+571)  |2 2001 
245 0 0 |a Nam desjat' let 
246 1 1 |a Máme desať rokov 
250 |a [1. izd.] 
260 |a V Bratislave  |b Rossijskij centr nauki i kul'tury  |c 2011 
300 |a [63] s.  |b fareb. fotogr.  |c 29 cm 
500 |a Pripravil kolektív pracovníkov Ruského centra vedy a kultúry v Bratislave 
521 |a Venované 10. výr. RCVK 
546 |a Súbež. náz. a text rus. 
610 2 7 |a Ruské centrum vedy a kultúry (Bratislava, Slovensko)  |2 SNKKA  |9 162679 
650 0 7 |a kultúrne centrá  |2 SNKPH  |9 79872 
650 0 7 |a Cultural centers  |2 SNKPHeng  |9 331806 
650 0 7 |a kultúrny život  |2 SNKPH  |9 3182 
650 0 7 |a Cultural life  |2 SNKPHeng  |9 265153 
650 0 7 |a kultúrne vzťahy  |2 SNKPH  |9 3851 
650 0 7 |a Cultural relations  |2 SNKPHeng  |9 267174 
650 0 7 |a vzdelávacie inštitúcie  |2 SNKPH  |9 71389 
650 0 7 |a Educational institutions  |2 SNKPHeng  |9 266368 
650 0 7 |a kultúra  |z Rusko  |2 SNKPH  |9 305599 
650 0 7 |a Culture  |z Russia  |2 SNKPHeng  |9 331807 
651 7 |a Bratislava (Slovensko)  |2 SNKPH  |9 14568 
651 7 |a Bratislava (Slovakia)  |2 SNKPHeng  |9 171234 
655 7 |a jubilejné publikácie  |2 SNKPH  |9 70339 
655 7 |a Jubilee books  |2 SNKPHeng  |9 281827 
919 |a 978-80-970981-1-7 
999 |c 579656  |d 581586 
952 |a SNK  |b SNK  |y PREZ  |7 0  |p 17A1031954  |o snkSB 83224  |i snk2012/14449  |8 0  |0 0  |1 0  |4 0  |d 2012-07-23  |f 1  |l 0  |r 2025-05-05 00:00:00  |w 2026-02-23 
952 |a SNK  |b SNK  |y VYP  |7 0  |p 17A1031953  |o snkSB 83224 D1  |i snk2012/14450  |8 0  |0 0  |1 0  |4 0  |d 2012-07-23  |l 0  |r 2016-06-30 00:00:00  |w 2026-02-23